000 00981nam a2200253Ia 4500
003 OSt
005 20220923212451.0
006 a|||||r|||| 00| 0
007 ta
008 220922b |||||||| |||| 00| 0 hin d
024 _a153,283
037 _cTextual
040 _aARTS
_cARTS
_bhin
041 _2hin
_ahin
082 _aO152v, M5
100 _aबेदी, हरमहेन्द्र सिंह
245 0 _aहिन्दी साहित्योति हास
_b पाश्चात्य स्त्रोतो का अध्ययन
246 _aHindī sāhityoti hāsa: pāshchātya stroto kā adhyayana
260 _aहोशियार पुर
_b प्रतिभा प्रकाशन
_c1985
300 _a304 पृ.
_ccm.
650 _aहिन्दी साहित्य
_9156264
942 _hO152v, M5
_cTEXL
_2CC
999 _c308930
_d308930